Basic Computer Notes (Booklet) (Record no. 197581)
[ view plain ]
| 000 -LEADER | |
|---|---|
| fixed length control field | 00380nam a22001577a 4500 |
| 003 - CONTROL NUMBER IDENTIFIER | |
| control field | dpl |
| 005 - DATE AND TIME OF LATEST TRANSACTION | |
| control field | 20230828122049.0 |
| 008 - FIXED-LENGTH DATA ELEMENTS--GENERAL INFORMATION | |
| fixed length control field | 230828b |||||||| |||| 00| 0 eng d |
| 040 ## - CATALOGING SOURCE | |
| Transcribing agency | - |
| 082 ## - DEWEY DECIMAL CLASSIFICATION NUMBER | |
| Classification number | 621-BAS |
| 100 ## - MAIN ENTRY--PERSONAL NAME | |
| Personal name | - |
| 9 (RLIN) | 55393 |
| 245 ## - TITLE STATEMENT | |
| Title | Basic Computer Notes (Booklet) |
| Medium | English |
| 260 ## - PUBLICATION, DISTRIBUTION, ETC. (IMPRINT) | |
| Place of publication, distribution, etc | A.I.C.B. |
| Name of publisher, distributor, etc | Delhi |
| Date of publication, distribution, etc | Rohini |
| 300 ## - PHYSICAL DESCRIPTION | |
| Extent | 12x13 |
| Type of unit | 1 |
| 942 ## - ADDED ENTRY ELEMENTS (KOHA) | |
| Source of classification or shelving scheme | Dewey Decimal Classification |
| Koha item type | Braille-Books-English |
| Call number prefix | 621 |
| Call number suffix | BAS |
| Withdrawn status | Lost status | Source of classification or shelving scheme | Damaged status | Not for loan | Home library | Current library | Date acquired | Cost, normal purchase price | Total Checkouts | Full call number | Barcode | Date last seen | Price effective from | Koha item type |
|---|---|---|---|---|---|---|---|---|---|---|---|---|---|---|
| Dewey Decimal Classification | Braille-Library | Braille-Library | 28/08/2023 | 122.00 | 621-BAS | BR-004486 | 28/08/2023 | 28/08/2023 | Braille-Books-English | |||||
| Dewey Decimal Classification | Braille-Library | Braille-Library | 28/08/2023 | 122.00 | 621-BAS | BR-004487 | 28/08/2023 | 28/08/2023 | Braille-Books-English |
